000 00353nam a2200133Ia 4500
008 231129s9999||||xx |||||||||||||| ||spa||
020 _a84-8276-075-0
040 _bspa
082 _a658.1 A678o
100 _aArellano A. Hernando
245 0 _aLa organizacion a su alcance
264 _aNorma
942 _2ddc
_cBKS
999 _c17825
_d17825